[Event "Vlissingen HZ op 24th"]
[Site "Vlissingen"]
[Date "2022.08.10"]
[Round "6"]
[White "Emans, Job"]
[Black "Sai, Kiran Y"]
[Result "0-1"]
[WhiteElo "2035"]
[BlackElo "1879"]
[PlyCount "82"]
[EventDate "2022.08.06"]
[EventType "swiss"]
[EventRounds "9"]
[EventCountry "NED"]
[SourceTitle "CBM 209 Extra"]
[Source "ChessBase"]
[SourceDate "2022.09.30"]
[SourceVersion "1"]
[SourceVersionDate "2022.09.30"]
[SourceQuality "1"]

1. d4 d5 2. c4 c6 3. Nc3 Nf6 4. Nf3 e6 5. e3 Nbd7 6. Bd3 dxc4 7. Bxc4 b5 8. Bd3 a6 9. 0-0 c5 10. a4 c4 11. Be2 b4 12. Nb1 Qc7 13. Qc2 Bb7 14. Qxc4 Qa5 15. Nbd2 Bd6 16. Qd3 Qd5 17. Re1 0-0 18. Bf1 Qh5 19. e4 Bb8 20. e5 Nd5 21. a5 Bc7 22. Ne4 Rfc8 23. Ng3 Qg6 24. Qb3 f5 25. Bd2 Bd8 26. Bd3 h5 27. h4 Qg4 28. Bxb4 Bxh4 29. Bd6 Bc6 30. Rac1 Bxg3 31. fxg3 Nf8 32. Kh2 f4 33. Be4 Ne3 34. Rxe3 Bxe4 35. Ree1 fxg3+ 36. Kg1 Bd5 37. Qe3 Ng6 38. Rc3 Rxc3 39. bxc3 Nh4 40. Nxh4 Qxh4 41. Re2 Bc4 0-1

[Event "Penang op-B 11th"]
[Site "Penang"]
[Date "2019.12.12"]
[Round "6"]
[White "Noel, Nicolas1111"]
[Black "Sai, Kiran Y"]
[Result "0-1"]
[WhiteElo "1492"]
[BlackElo "1826"]
[PlyCount "62"]
[EventDate "2019.12.09"]
[EventType "swiss"]
[EventRounds "9"]
[EventCountry "MAS"]
[SourceTitle "CBM 193 Extra"]
[Source "ChessBase"]
[SourceDate "2020.01.31"]
[SourceVersion "1"]
[SourceVersionDate "2020.01.31"]
[SourceQuality "1"]

1. e4 e6 2. d4 d5 3. Nd2 Nf6 4. e5 Nfd7 5. f4 c5 6. c3 Nc6 7. Ndf3 Qb6 8. g3 cxd4 9. cxd4 f6 10. Ne2 Bb4+ 11. Kf2 fxe5 12. fxe5 Ndxe5 13. Nxe5 Nxe5 14. Kg2 Nc6 15. Bf4 0-0 16. h4 Be7 17. Rb1 Bf6 18. Bd6 Rd8 19. Bc5 Qc7 20. Rc1 e5 21. Qb3 Bf5 22. Kg1 exd4 23. Nf4 Qf7 24. Nxd5 Rxd5 25. Bc4 Be6 26. Re1 Re5 27. Rxe5 Bxc4 28. Qd1 Bxe5 29. b3 Bd5 30. Rh2 Bxg3 31. Rd2 Re8 0-1

[Event "Mumbai Wealth op 3rd"]
[Site "Mumbai"]
[Date "2018.01.03"]
[Round "5"]
[White "Soham, Datar"]
[Black "Sai, Kiran Y"]
[Result "1-0"]
[WhiteElo "2029"]
[BlackElo "1743"]
[PlyCount "59"]
[EventDate "2017.12.30"]
[EventType "swiss"]
[EventRounds "9"]
[EventCountry "IND"]
[SourceTitle "CBM 182 Extra"]
[Source "ChessBase"]
[SourceDate "2018.02.23"]
[SourceVersion "1"]
[SourceVersionDate "2018.02.23"]
[SourceQuality "1"]

1. Nf3 Nf6 2. c4 g6 3. g3 Bg7 4. Bg2 d6 5. d4 Nbd7 6. 0-0 0-0 7. Nc3 c6 8. h3 e5 9. e4 Re8 10. Re1 Qc7 11. Be3 exd4 12. Nxd4 Nc5 13. Qc2 a5 14. Rad1 Nfd7 15. b3 b6 16. a3 Bb7 17. b4 axb4 18. axb4 Ne6 19. Nde2 Ra3 20. Bc1 Raa8 21. f4 Nf6 22. f5 Nf8 23. Bf4 Rad8 24. g4 c5 25. Nb5 Qc8 26. Ng3 cxb4 27. Nxd6 Qc5+ 28. Kh1 Rxd6 29. Bxd6 Qf2 30. Qxf2 1-0